Banderas Provinciales de Argentina - Estadísticas

Estadísticas generales
  • Esta prueba ha sido intentada 53 veces
  • La puntuación promedio es 21 de 24
Estadísticas de respuestas
Imagen Respuesta % Correcto
Entre Ríos
97%
Santa Fe
97%
Buenos Aires
94%
Ciudad Autónoma de Buenos Aires
94%
Córdoba
94%
Corrientes
94%
Santa Cruz
94%
Tierra del Fuego
94%
Tucumán
94%
Chubut
91%
La Pampa
91%
Formosa
88%
La Rioja
88%
Mendoza
88%
Misiones
88%
Río Negro
88%
Neuquén
85%
Salta
85%
San Juan
85%
San Luis
85%
Catamarca
82%
Jujuy
79%
Santiago del Estero
79%
Chaco
76%
No se encontraron pruebas coincidentes
Distribución de puntuación
Porcentaje de gente con cada puntuación
Porcentaje por número respondido
Historial de tus puntuaciones
No has intentado esta prueba.